A curtain of ignorance

שמור ב:
מידע ביבליוגרפי
מחבר ראשי: Greene, Felix
פורמט: ספר
שפה:Undetermined
יצא לאור: London Johnthan Cape 1964
תגים: הוספת תג
אין תגיות, היה/י הראשונ/ה לתייג את הרשומה!
Thư viện lưu trữ: Trung tâm Học liệu Trường Đại học Cần Thơ
LEADER 00423nam a2200169Ia 4500
001 CTU_91836
008 210402s9999 xx 000 0 und d
082 |a 327 
082 |b G799 
100 |a Greene, Felix 
245 2 |a A curtain of ignorance 
245 0 |c Felix Greene 
260 |a London 
260 |b Johnthan Cape 
260 |c 1964 
904 |i Tuyến 
980 |a Trung tâm Học liệu Trường Đại học Cần Thơ